Bản chất của quảng cáo /

Gespeichert in:
Bibliographische Detailangaben
1. Verfasser: Nguyễn Thị Thu Hà.
Format: Artikel
Sprache:Vietnamese
Schlagworte:
Tags: Tag hinzufügen
Keine Tags, Fügen Sie den ersten Tag hinzu!
Thư viện lưu trữ: Thư viện Trường Đại học Đà Lạt
LEADER 00740nam a2200265 4500
001 DLU090073071
005 ##20090508
040 # # |a DLU  |b vie 
041 # # |a vie 
044 # # |a vn 
100 # # |a Nguyễn Thị Thu Hà. 
245 # # |a Bản chất của quảng cáo /  |c Nguyễn Thị Thu Hà. 
653 # # |a Hoạt động tiếp thị 
653 # # |a Khái niệm 
653 # # |a Thuật ngữ 
773 # # |t Khoa học Xã hội  |g Số 27, 1996, tr. 171-173 
920 # # |a Phòng Tạp chí -- Trung tâm Thông tin - Thư viện Trường Đại học Đà Lạt 
994 # # |a DLU 
900 # # |a True 
911 # # |a Nguyễn Thanh Hương 
925 # # |a G 
926 # # |a A 
927 # # |a BB 
980 # # |a Thư viện Trường Đại học Đà Lạt